000 00190 a2200097 4500
020 _a9780545424936
041 _aeng
100 _aStiefvater, Maggie
245 _aThe Raven Boys
942 _cBK
999 _c31706
_d31704